00349 a2200133 450000500170000002000180001708200150003510000170005024500360006725000120010326000440011530000370015970000190019620250630061209.0 a0-87840-768-5 a361.61 GUE aGUESS, G. M. aCases in Public Policy Analysis a2nd Ed. aNew York,bGeorgetown Universityc2000. aix, 367p,: figurebIndexc23.5cm aFARNHAM, P. G.